Alicia en el país de las maravillas /
Lewis Carroll (1832-1898) se llamaba, en realidad, Charles Dodgson. Fue pastor de la iglesia anglicana, profesor de matemática y humorista. Éste, su libro más popular, es un viaje poético y cruel por el reino del absurdo, los chistes y los juegos de palabras, en el que todo se convierte en un terren...
Guardado en:
| Autor Principal: | |
|---|---|
| Otros Autores: | |
| Formato: | Libro |
| Idioma: | Undetermined |
| Publicado: |
Buenos Aires :
Arte Gráfico,
2004.
|
| Edición: | 1a ed. |
| Series: | Arce, Guillermo; il.
|
| Materias: | |
| Etiquetas: |
Agregar Etiqueta
Sin Etiquetas, Sea el primero en etiquetar este registro!
|
| LEADER | 01052nam a22002295a 4500 | ||
|---|---|---|---|
| 001 | CEM.cems021167 | ||
| 008 | 240515s2004####ag############000#0#und#d | ||
| 005 | 20240515193430.0 | ||
| 245 | 1 | 0 | |a Alicia en el país de las maravillas / |c Lewis Carroll ; adaptado por Jorge Aulicino ; ilustrado por Guillermo Arce. |
| 250 | |a 1a ed. | ||
| 260 | |a Buenos Aires : |b Arte Gráfico, |c 2004. | ||
| 300 | |a 64 p. | ||
| 490 | 1 | |a Enseñar 1er ciclo | |
| 520 | |a Lewis Carroll (1832-1898) se llamaba, en realidad, Charles Dodgson. Fue pastor de la iglesia anglicana, profesor de matemática y humorista. Éste, su libro más popular, es un viaje poético y cruel por el reino del absurdo, los chistes y los juegos de palabras, en el que todo se convierte en un terreno dudoso. | ||
| 020 | |a 9507824596 | ||
| 100 | 1 | |a Carroll, Lewis. | |
| 700 | 1 | |a Aulicino, Jorge; adapt. | |
| 830 | 0 | |a Arce, Guillermo; il. | |
| 653 | |a Literatura inglesa | ||
| 653 | |a Novela infantil | ||
| 653 | |a Literatura infantil | ||
| 859 | |a CEMS |b BIB. CEMS - Inicial y Primaria |h 823.8 |i C235 |k IP |p 6794 |t Ej.1 | ||
